[Event "Lucky op 2nd"]
[Site "Hamburg"]
[Date "1999.10.16"]
[Round "2"]
[White "Schneider, Felix"]
[Black "Mutzl, Klaus"]
[Result "0-1"]
[WhiteElo "800"]
[BlackElo "809"]
[PlyCount "54"]
[EventDate "1999.10.??"]
[EventType "swiss"]
[EventRounds "9"]
[EventCountry "GER"]
[SourceTitle "EXT 2001"]
[Source "ChessBase"]
[SourceDate "2000.11.22"]
[SourceVersion "1"]
[SourceVersionDate "2000.11.22"]
[SourceQuality "1"]

1. e4 e5 2. d3 Nf6 3. Nf3 d5 4. Nc3 d4 5. Nd5 Nxd5 6. exd5 Qxd5 7. c4 Qd6 8. Be2 Nc6 9. a3 Bg4 10. b3 Bxf3 11. Bxf3 0-0-0 12. 0-0 Re8 13. Re1 g6 14. g4 f5 15. Rb1 a6 16. b4 Ne7 17. Qc2 b5 18. c5 Qe6 19. Bg5 Nd5 20. Rec1 Nc3 21. Ra1 f4 22. h4 h6 23. Bxh6 Rxh6 24. g5 Rxh4 25. Kg2 Qh3+ 26. Kg1 Qxf3 27. Kf1 Rh1# 0-1